Offbeat otolaryngology (Record no. 25688)

MARC details
000 -LEADER
fixed length control field 00674nam a2200241Ia 4500
008 - FIXED-LENGTH DATA ELEMENTS--GENERAL INFORMATION
fixed length control field 191130s2001##################000#0#eng##
020 ## - INTERNATIONAL STANDARD BOOK NUMBER
International Standard Book Number 9783131289513
040 ## - CATALOGING SOURCE
Original cataloging agency ACL
Transcribing agency ACL
082 ## - DEWEY DECIMAL CLASSIFICATION NUMBER
Classification number 617.51 BEN
100 ## - MAIN ENTRY--PERSONAL NAME
Personal name Bennett, J. D. C
245 ## - TITLE STATEMENT
Title Offbeat otolaryngology
Statement of responsibility, etc. J. D. C. Bennett, John Riddington-young
260 ## - PUBLICATION, DISTRIBUTION, ETC.
Place of publication, distribution, etc. New York
Name of publisher, distributor, etc. Thieme, Thieme Publishing Group
Date of publication, distribution, etc. 2001
300 ## - PHYSICAL DESCRIPTION
Extent 161 p.
500 ## - GENERAL NOTE
General note Includes index
650 ## - SUBJECT ADDED ENTRY--TOPICAL TERM
Topical term or geographic name entry element Medicine
Topical term or geographic name entry element Offbeat Otolaryngology
Topical term or geographic name entry element Otolaryngology
Topical term or geographic name entry element Surgery
700 ## - ADDED ENTRY--PERSONAL NAME
Personal name Riddington-young, John
990 ## - EQUIVALENCES OR CROSS-REFERENCES [LOCAL, CANADA]
Link information for 9XX fields 13d87838ac10000c0d65d16aa8254032
991 ## -
-- 141735
Holdings
Withdrawn status Lost status Materials specified (bound volume or other part) Damaged status Not for loan Home library Current library Shelving location Date acquired Total Checkouts Full call number Barcode Date last seen Price effective from Koha item type
    hbk     Anna Centenary Library Anna Centenary Library 5TH FLOOR, B WING 09.10.2020   617.51 BEN 264735 09.10.2020 09.10.2020 English Books

Find us on the map